Library Banner

Roitt's essential immunology / (Record no. 135001)

MARC details
000 -LEADER
fixed length control field 00570nam a22002057a 4500
005 - DATE AND TIME OF LATEST TRANSACTION
control field 20240904120223.0
008 - FIXED-LENGTH DATA ELEMENTS--GENERAL INFORMATION
fixed length control field 240904b |||||||| |||| 00| 0 eng d
020 ## - INTERNATIONAL STANDARD BOOK NUMBER
International Standard Book Number 9781118415771
040 ## - CATALOGING SOURCE
Transcribing agency PK-LaUMT
082 ## - DEWEY DECIMAL CLASSIFICATION NUMBER
Classification number 616.079
Item number ROI-
245 ## - TITLE STATEMENT
Title Roitt's essential immunology /
Statement of responsibility, etc by Peter J. Delves . . . [et al.]
250 ## - EDITION STATEMENT
Edition statement 13th ed.
260 ## - PUBLICATION, DISTRIBUTION, ETC. (IMPRINT)
Place of publication, distribution, etc Oxford :
Name of publisher, distributor, etc Wiley Blackwell,
Date of publication, distribution, etc 2011
300 ## - PHYSICAL DESCRIPTION
Extent 556 p.
650 ## - SUBJECT ADDED ENTRY--TOPICAL TERM
Topical term or geographic name as entry element Immunity
700 ## - ADDED ENTRY--PERSONAL NAME
Personal name Martin, Seamus J.
700 ## - ADDED ENTRY--PERSONAL NAME
Personal name Burton, Dennis R.
700 ## - ADDED ENTRY--PERSONAL NAME
Personal name Roitt, Ivan M.
942 ## - ADDED ENTRY ELEMENTS (KOHA)
Koha item type Books
Holdings
Withdrawn status Lost status Damaged status Home library Current library Date acquired Full call number Barcode Date last seen Price effective from Koha item type
      UMT Health Sciences Campus UMT Health Sciences Campus 2024-09-04 616.079 ROI- 147259 2024-09-04 2024-09-04 Books